Pointon York Group plc v Ann Doreen Poulton (Record no. 77430)
[ view plain ]
| 000 -LEADER | |
|---|---|
| fixed length control field | 02020cab a2200277 4500 |
| 001 - CONTROL NUMBER | |
| control field | ##L134264 |
| 008 - FIXED-LENGTH DATA ELEMENTS--GENERAL INFORMATION | |
| fixed length control field | 060721n2006 000 0 eng u |
| 035 ## - SYSTEM CONTROL NUMBER | |
| System control number | (Sirsi) u134264 |
| 041 0# - LANGUAGE CODE | |
| Language code of text/sound track or separate title | eng |
| 245 00 - TITLE STATEMENT | |
| Title | Pointon York Group plc v Ann Doreen Poulton |
| 260 ## - PUBLICATION, DISTRIBUTION, ETC. | |
| Date of publication, distribution, etc. | 2006 |
| 520 ## - SUMMARY, ETC. | |
| Summary, etc. | [2006] EWCA Civ 1001, 13 July 2006. An incorporeal hereditament constituted premises for the purposes of the Landlord and Tenant Act 1927 s17. Appellant A had let offices to respondent P under a lease that included the right to use parking spaces during normal working hours. P sublet part of the premises, with this underlease expiring three days before P's lease. P intended to re-occupy the sublet part when the sub-tenant vacated, and informed A of this. In fulfilment of the terminating sub-lease, the sub-tenant decorated and carpeted the premises. Before the preparations for re-occupation were finished, A changed the locks and clamped the cars parked in the spaces. The judge decided that P was in occupation of the property for the purposes of the Landlord and Tenant Act 1954 s23. "Held": appeal dismissed. Occupation of the parking spaces and the laying of the carpet by the sub-tenant were activities for the purpose of P's business; P did not have to be physically present to occupy premises for the purpose of s23. |
| 590 ## - LOCAL NOTE (RLIN) | |
| Local note | IKA010806 |
| 650 24 - SUBJECT ADDED ENTRY--TOPICAL TERM | |
| Topical term or geographic name entry element | POINTON YORK GROUP PLC V POULTON |
| 650 24 - SUBJECT ADDED ENTRY--TOPICAL TERM | |
| Topical term or geographic name entry element | LANDLORD AND TENANT ACT 1954 S23 |
| 650 24 - SUBJECT ADDED ENTRY--TOPICAL TERM | |
| Topical term or geographic name entry element | GRAYSIM HOLDINGS LTD V P & O PROPERTY HOLDINGS LTD |
| 650 24 - SUBJECT ADDED ENTRY--TOPICAL TERM | |
| Topical term or geographic name entry element | BACCHIOCCHI V ACADEMIC AGENCY LTD |
| 650 24 - SUBJECT ADDED ENTRY--TOPICAL TERM | |
| Topical term or geographic name entry element | WHITLEY V STUMBLES |
| 650 24 - SUBJECT ADDED ENTRY--TOPICAL TERM | |
| Topical term or geographic name entry element | JONES V CHRISTY |
| 650 24 - SUBJECT ADDED ENTRY--TOPICAL TERM | |
| Topical term or geographic name entry element | SMALLWOOD V SHEPPARDS |
| 650 24 - SUBJECT ADDED ENTRY--TOPICAL TERM | |
| Topical term or geographic name entry element | LAND RECLAMATION CO LTD V BASILDON DC |
| 651 #4 - SUBJECT ADDED ENTRY--GEOGRAPHIC NAME | |
| Geographic name | England and Wales |
| Chronological subdivision | 1543- |
| 690 ## - LOCAL SUBJECT ADDED ENTRY--TOPICAL TERM (OCLC, RLIN) | |
| Topical term or geographic name as entry element | PROPERTY-COMMERCIAL PROPERTY-LEASEHOLD COMMERCIAL PROPERTY-COMMERCIAL LANDLORD AND TENANT-BUSINESS TENANCIES |
| 856 40 - ELECTRONIC LOCATION AND ACCESS | |
| Uniform Resource Identifier | <a href="https://www.bailii.org/ew/cases/EWCA/Civ/2006/1001.html">https://www.bailii.org/ew/cases/EWCA/Civ/2006/1001.html</a> |
| Public note | View the judgment free of charge at www.bailii.org... |
| 942 ## - ADDED ENTRY ELEMENTS (KOHA) | |
| Suppress in OPAC | 0 |
| Withdrawn status | Lost status | Source of classification or shelving scheme | Damaged status | Not for loan | Home library | Current library | Shelving location | Date acquired | Total Checkouts | Full call number | Barcode | Date last seen | Copy number | Price effective from | Koha item type |
|---|---|---|---|---|---|---|---|---|---|---|---|---|---|---|---|
| Dewey Decimal Classification | Virtual | Virtual | Online | 21/07/2006 | ONLINE PUBLICATION | 134264-1001 | 06/08/2019 | 1 | 06/08/2019 | Law report |